|
|
|
|
| LEADER |
00000nam a22000007a 4500 |
| 005 |
20190809134026.0 |
| 007 |
cr|||| |||| |
| 008 |
190809s2017 co |||||s|||| 00||0 spa d |
| 020 |
|
|
|a 978-958-774-584-9
|
| 035 |
|
|
|a 23823
|
| 040 |
|
|
|a vLex
|
| 090 |
|
|
|c 9148
|d 9148
|
| 100 |
1 |
|
|a Castaǫ Mesa, Lina Mara̕
|
| 245 |
1 |
0 |
|a Colombia en movimiento 2010 - 2013 - 2016
|h [Recurso electrn̤ico] /
|c Lina Mara̕ Castaǫ Mesa
|
| 256 |
|
|
|a Servicio en ln̕ea
|
| 260 |
|
|
|a Bogot:̀
|b Universidad de Los Andes (Colombia),
|c 2017
|
| 300 |
|
|
|a 1 recurso electrn̤ico
|
| 506 |
1 |
|
|a Disponible solo en los productos indicados
|d vLex Global
|d vLex Global (Academic Edition, excluding Law Schools)
|d vLex Global (U.S. Academic Edition, Law Schools)
|d vLex Global (U.S. Academic Edition, excluding Law Schools)
|d vLex Global (Academic Edition, Law Schools)
|
| 650 |
0 |
4 |
|a Derecho Pb︢lico y Administrativo
|z Colombia
|
| 740 |
0 |
|
|a vLex Libros (Servicio en ln̕ea)
|
| 856 |
4 |
0 |
|u http://vlex.com/source/colombia-movimiento-2010-2013-2016-23823
|z Acceso restringido
|
| 942 |
|
|
|c BOOK
|
| 999 |
0 |
|
|a Public and Administrative Law
|